Priebeh a následky povodní na Slovensku v roku 2002
Zložitá povodňová situácia na Slovensku v roku 2002. Najničivejšie následky mali povodne v Bratislavskom kraji, osobitne v povodí rieky Dunaj, v Prešovskom, Banskobystrickom a Žilinskom kraji. Prehľad škôd spôsobených povodňami za obdobie rokov 1997-2002.
Salvato in:
| Natura: | Capitolo di libro |
|---|---|
| Lingua: | slovacco |
| Soggetti: | |
| Tags: |
Nessun Tag, puoi essere il primo ad aggiungerne!!
|
MARC
| LEADER | 00000naa a2200000 4500 | ||
|---|---|---|---|
| 001 | r046860 | ||
| 005 | 20230918114720.9 | ||
| 041 | 0 | |a slo | |
| 044 | |a SK | ||
| 245 | 1 | 0 | |a Priebeh a následky povodní na Slovensku v roku 2002 |
| 520 | |a Zložitá povodňová situácia na Slovensku v roku 2002. Najničivejšie následky mali povodne v Bratislavskom kraji, osobitne v povodí rieky Dunaj, v Prešovskom, Banskobystrickom a Žilinskom kraji. Prehľad škôd spôsobených povodňami za obdobie rokov 1997-2002. | ||
| 610 | 2 | 0 | |a povodne |
| 610 | 2 | 0 | |a Slovensko |
| 610 | 2 | 0 | |a škody |
| 610 | 2 | 0 | |a 2002 |